大日本帝国海軍 巡洋艦 - Statistics

General Stats
  • This quiz has been taken 64 times
  • The average score is 35 of 102
Answer Stats
Hint 種別変更後 Answer % Correct
最上
68%
妙高
63%
三等海防艦 高雄
61%
羽黒
61%
利根
61%
三等海防艦 天龍
59%
愛宕
59%
摩耶
59%
熊野
59%
那珂
59%
青葉
57%
那智
57%
足柄
57%
鳥海
57%
三隈
57%
鈴谷
57%
筑摩
57%
多摩
57%
長良
57%
衣笠
55%
北上
55%
神通
55%
川内
54%
一等巡洋艦(重巡洋艦) 古鷹
52%
加古
52%
球磨
52%
木曾
52%
由良
52%
大淀
52%
龍田
50%
矢矧
48%
大井
46%
阿賀野
46%
測量船 大和
45%
能代
45%
鬼怒
43%
阿武隈
43%
夕張
43%
名取
41%
酒匂
41%
測量船 武蔵
38%
三等海防艦 比叡
36%
三等海防艦 金剛
34%
一等巡洋艦 出雲
34%
五十鈴
34%
二等砲艦 天城
32%
二等巡洋艦 浪速
29%
コルベット 三等海防艦 筑波
27%
一等巡洋艦(装甲巡洋艦) | 装甲巡洋艦 練習特務艦 浅間
27%
一等巡洋艦 八雲
27%
海防艦 千代田
27%
雑役船 厳島
25%
笠置
25%
二等海防艦 千歳
25%
スループ 日進
23%
二等海防艦 葛城
23%
海防艦 秋津洲
23%
三等海防艦 海門
21%
雑役船 橋立
21%
海防艦 対馬
21%
練習特務艦 吾妻
20%
二等巡洋艦 高砂
20%
敷設艦 津軽
20%
二等巡洋艦 吉野
18%
二等海防艦 | 海防艦 高千穂
16%
一等巡洋艦 磐手
16%
二等海防艦 明石
16%
敷設艦 阿蘇
14%
二等巡洋艦 松島
14%
ロシアに返還 宗谷
13%
等級制定以前の巡洋艦 一等砲艦 筑紫
11%
敷設艦 常盤
11%
練習特務艦 春日
9%
防護巡洋艦 三等巡洋艦 和泉
7%
二等海防艦 | 海防艦 須磨
7%
畝傍
5%
二等海防艦 新高
5%
平戸
5%
等級制定以前の戦利巡洋艦 三等海防艦 済遠
4%
音羽
2%
広丙
0%
No matching quizzes found
Score Distribution
Percent of People with Each Score
Percentile by Number Answered
Your Score History
You have not taken this quiz